Normal view
MARC view
- Hewings, Martin
Entry Personal Name
001 - CONTROL NUMBER
- control field: 64305
003 - CONTROL NUMBER IDENTIFIER
- control field: NUST
005 - DATE AND TIME OF LATEST TRANSACTION
- control field: 20210628203243.0
008 - FIXED-LENGTH DATA ELEMENTS
- fixed length control field: 210628|| aca||aabn | a|a d
040 ## - CATALOGING SOURCE
- Original cataloging agency: NUST
- Transcribing agency: NUST
100 ## - HEADING--PERSONAL NAME
- Personal name: Hewings, Martin
670 ## - SOURCE DATA FOUND
- Source citation: Work cat.: (NUST): Hewings, Martin, Advanced grammar in use, a self study reference and practice book for advanced studetns of english with answers, 2008
